000 00332nam a2200145 i 4500
001 bg
100 1 _aARROW, Kenneth J.
245 0 _aEseje z teorii ryzyka /
_cK.J. Arrow.
260 _aWarszawa,
_c1979.
040 _cBPK
041 _apol
080 _a338.2:330.342
942 _cKS
008 s pl f |000 0 pol
999 _c18606
_d18606
856 _uhttp://koha.tu.koszalin.pl/cgi-bin/koha/opac-detail.pl?biblionumber=18606
_yKatalog online BPK